00495nam a2200169Ia 450000500170000000800410001708200150005810000140007324500400008726000460012730000120017365000130018565000120019894200060021095200960021699900130031220240730072909.0240331s9999 xx 000 0 und d a294.3bARN aArnold, E 4aThe Light of AsiacSir Edwin Arnold aKandybBuddhist Publication Societyc1980 a61 p ., aBuddhism aHistory cL 001040708LaWERCLbWERCLcSSCd2024-03-31l0o 294.3 ARNp116r2024-03-31w2024-03-31yL c915d915